000
00339nam a2200133Ia 4500
008
240624s9999 xx 000 0 und d
041
_a
eng
082
_a
302.35 ROB
100
_a
ROBBINS STEPHEN P
245
_a
ORGANIZATIONAL BEHAVIOR
250
_a
(11th ed.)
260
_c
2006
_a
Delhi
_b
Pearson Education
300
_a
xxiv, : 622p. ; 28cm.
999
_c
3919
_d
3919